000 00910cab a2200241 4500
001 X3014
008 090401t1995 xxu||||| |||| 00| 0 eng d
035 _a(Sirsi) u27956
041 _aeng
110 _aAppraisal and valuation standards board
_91296
245 _aFinding your way into the new Red Book
260 _c1995
350 _a0
490 _aCSM (Chartered Surveyor Monthly)
_v5(2) October 1995, 22(1)
520 _aDescribes the new `RICS Appraisal and Valuation Manual` which becomes operative on 1 January 1996; its structure is explained as well as discussing the interpretation of various terms such as `calculation of worth`, `revaluation` and `valuation review`.
650 _aCALCULATION OF WORTH
650 _aRICS APPRAISAL AND VALUATION MANUAL
650 _aREVALUATION
650 _aVALUATION REVIEW
690 _aRATING AND VALUATION
942 _n0
948 _c04/03/1997
999 _c18849
_d18849